000 00566nam a2200205Ia 4500
003 GCL
008 140319s9999 xx 000 0 ara d
040 _aGCL /
_cGCL
082 0 4 _aط
_b595.4
_bد ع
100 1 _aدار المعارف
245 1 0 _aالعناكب /
_cدار المعارف
260 _a[S.N] :
_bدار المعارف ،
_c1982
300 _a31 ص
490 _aالمعارف للاولاد
_v0
650 0 4 _aالاطفال
650 0 4 _aالعلوم
650 0 4 _aالحشرات
650 0 4 _aالقصص العلمية
942 _2ddc
_cBK
999 _c56889
_d56889